000 01779nam a2200409 c 4500
003 BLK
005 20180420235917.0
008 180411b bul|||||r ||||||| ||bul||
010 _aKNG00188073000
020 _a978-954-644-701-2
_bиздат.: УНСС
040 _aBLK
041 _aBUL
_cBUL
072 7 _2bullib
_aН32
_xПолитика Н
072 7 _2bullib
_aТ030201
_xЕвропейски съюз
080 _aПарламенти. Представителни органи. Правителства. Вж и 342.53
_b328
_x(4-6)(075.8)
_z328(4-6)(075.8)
080 _aЕвропейски съюз - политически аспекти
_b327.7:061.1ЕС
_x(075.8)
_z327.7:061.1ЕС(075.8)
100 1 _aМоралийска, Моника Емилова
_eпърви автор
_999055
139 _aМоралийска, Моника Емилова
_bМ 89
245 1 0 _aEвропейският парламент в развитие
_bУч. помагало
_cМоника Емилова Моралийска.
257 _aBGR
260 София
_bУНСС
_c2015
300 _a192 с.
_bс табл., сх.
_c24 см
380 _a3
500 _aПълното име на авт. е Моника Емилова Моралийска-Иванова. - Библиогр. 149-162.
650 4 _aЕвропейски парламент
_9299421
650 4 _aЕвропейски съюз
_9258188
653 _aЕвропейски парламент
653 _aпарламентарни комисии
653 _aизбори
659 _aЕ
659 _aН
852 _aЦб 280718
856 4 _qpdf
_u
856 4 _qpdf
_u
942 _cKNG
_n0
944 _aCR
_c30.05.2016
_kВиолета_Тройчева
944 _aED
_c17.12.2017
_kВиолета_Тройчева
999 _c179294
_d179294